| 000 | 00578cam a2200193 4500500 | ||
|---|---|---|---|
| 005 | 20260329005716.0 | ||
| 041 | _afre | ||
| 042 | _adc | ||
| 100 | 1 | 0 |
_aFraenckel, Lev _eauthor |
| 245 | 0 | 0 | _aDaniel DennettĀ : examen de conscience |
| 260 | _c2024. | ||
| 500 | _a41 | ||
| 690 | _aCerveau | ||
| 690 | _aConscience | ||
| 690 | _aDaniel Dennett | ||
| 690 | _aLev Fraenckel | ||
| 786 | 0 | _nPhilosophie magazine | 182 | 9 | 2024-09-01 | p. 56-57 | 1951-1787 | |
| 856 | 4 | 1 | _uhttps://shs.cairn.info/magazine-philosophie-magazine-2024-9-page-56?lang=fr&redirect-ssocas=7080 |
| 999 |
_c1845821 _d1845820 |
||